000 01017nam a2200229 i 4500
001 32789
003 ES-MaACL
005 20251015063048.0
007 t|
008 030131s1905 sp ||||1| spa d
100 1 _aBentabol y Ureta, Horacio,
_d1854-1928
_927784
245 1 0 _aCuestiones astronómicas y de mecánica celeste
_b: hipótesis y teorías originales sobre estas ciencias y sus relaciones con la climatología terrestre /
_cpor Horacio Bentabol y Ureta.
260 _aMadrid :
_b[s.n.,
_c1905] (
_fTip. Viuda e Hijos de M. Tello)
300 _a96 p. :
_bil. ;
_c28 cm.
530 _aDisponible en formato digital.
650 4 _aEclipses solares-
_xObservaciones.
_9161088
852 _aES-MaACL
_j1731-F-6
_9 34011
_cDEPOF
_zRevisado enlace: 06 de Abril de 2025
852 _aES-MaACL
_jT-1067-F-10
_cDEPOF
_zRevisado enlace: 06 de Abril de 2025
_934010
856 _uhttp://bdh-rd.bne.es/viewer.vm?id=0000051249&page=1
_yBiblioteca Digital Hispánica
942 _2udc
999 _c32789
_d32789